| Tag |
First Indicator |
Second Indicator |
Subfields |
| LEADER |
00000cam a2200000Ii 4500 |
| 001 |
in00002190607 |
| 005 |
20151104064451.0 |
| 008 |
780727s1977 enka f000 0 eng d |
| 035 |
|
|
|a (OCoLC)ocm04089945
|
| 040 |
|
|
|a OLA
|c OLA
|d OCL
|d OCLCQ
|d TXA
|d UtOrBLW
|
| 043 |
|
|
|a e-uk---
|
| 049 |
|
|
|a TXAM
|
| 090 |
|
|
|a GC1
|b .I568 no.44
|
| 111 |
2 |
|
|a UK Data Buoy (DB1) Symposium
|d (1976 :
|c Institute of Oceanographic Sciences, Wormley, England)
|
| 245 |
1 |
0 |
|a Proceedings of the UK Data Buoy (DB1) Symposium :
|b a compendium of the papers presented at the symposium /
|c organised jointly by the Institute of Oceanographic Sciences and the Society for Underwater Technology, held at Wormley on the 23rd November 1976.
|
| 264 |
|
1 |
|a Wormley, Eng. :
|b Institute of Oceanographic Sciences,
|c 1977.
|
| 300 |
|
|
|a approximately 100 pages :
|b illustrations ;
|c 30 cm.
|
| 336 |
|
|
|a text
|b txt
|2 rdacontent
|
| 337 |
|
|
|a unmediated
|b n
|2 rdamedia
|
| 338 |
|
|
|a volume
|b nc
|2 rdacarrier
|
| 490 |
1 |
|
|a IOS report ;
|v no. 44
|
| 504 |
|
|
|a Includes bibliographical references.
|
| 650 |
|
0 |
|a Oceanographic buoys
|z Great Britain
|v Congresses.
|
| 710 |
2 |
|
|a Institute of Oceanographic Sciences (Great Britain)
|
| 710 |
2 |
|
|a Society for Underwater Technology.
|
| 830 |
|
0 |
|a I.O.S. report ;
|v no. 44.
|
| 994 |
|
|
|a C0
|b TXA
|
| 948 |
|
|
|a cataloged
|b h
|c 2006/8/23
|d c
|e blrosas
|f 10:58:13 am
|
| 999 |
|
|
|a MARS
|
| 999 |
f |
f |
|s 49893436-af88-3066-85d3-d7e1ced369a0
|i 05171245-ed1a-316f-a3d3-6ed5e1f0bf6e
|t 0
|
| 952 |
f |
f |
|p ric
|a Texas A&M University
|b Rellis Campus
|c Joint Library Facility
|d Remote Storage
|t 0
|e GC1 .I568 no.44
|h Library of Congress classification
|i unmediated -- volume
|m A14834723425
|
| 998 |
f |
f |
|a GC1 .I568 no.44
|t 0
|l Remote Storage
|